| 000 | 00610nam a2200193 a 4500 | ||
|---|---|---|---|
| 001 | 21756 | ||
| 003 | CO-ViMGA | ||
| 008 | 141112s2004 ck r 000 u spa d | ||
| 020 | _a846661639X | ||
| 040 |
_aCO-ViMGA _bspa _cCO-ViMGA |
||
| 082 | 0 | 4 | _a813.54 B124j |
| 100 | 1 |
_aBach, Richard _931039 |
|
| 245 | 1 | 0 | _aJuan Salvador Gaviota |
| 260 |
_aBarcelona : _bEdiciones B, _c2004 |
||
| 300 | _a127 | ||
| 590 | _aForma de adquisición : Donación fact. 8856 - - Precio : 14000 - - Proveedor : Fundación exito - - Fecha de adquisición : Julio 2007 | ||
| 650 | 1 | 4 |
_aCUENTOS ESTADOUNIDENSES _92727 |
| 942 |
_2ddc _cBK |
||
| 999 |
_c30312 _d30312 |
||